000
00392nam a2200133Ia 4500
008
090123s9999 xx 000 0 und d
082
_b
11403
245
_a
समथिंग टू हर अद्वैत
250
_a
0
300
_a
63
630
_a
समथिंग टू हर अद्वैत
730
_a
समथिंग टू हर अद्वैत
942
_c
BOOK
999
_c
49466
_d
49466